000 01493nam a2200349 i 4500
003 EG-GICUC
005 20260504151044.0
008 260504b1997 ua ||||f |||| 00| 0bara d
017 _a1997/7182
020 _a977268425x
040 _a EG-GICUC
_c EG-GICUC
_d EG-GICUC
_erda
_bara
041 _aara
082 0 4 _221
_a345.25
_bق ا
092 0 4 _221
099 _aLaw1 07 345.25 ق ا 1997 0704310 13 ed - C1
245 0 0 _aقانون نظام الإدارة المحلية رقم 34 لسنة 1979 ومذكرته الإيضاحية ولائحته التنفيذية وفقا لآخر التعديلات /
_cإعداد ومراجعة الإدارة العامة للشئون القانونية بالهيئة.
250 _aالطبعة الثالثة عشر
264 1 _aالقاهرة :
_bالهئية العامة لشئون المطابع الأميرية ؛
_c1997.
300 _a149 صفحة ؛
_c24 سم.
336 _2rda content
_atext
337 _2rda media
_aComputer
338 _2rda carrier
_aOnline Resource
504 _aيشتمل على إرجاعات ببليوجرافية.
546 _aالنص باللغة العربية
650 1 4 _aالحكم المحلي
650 1 4 _aالإدارة المحلية
650 1 4 _aالقانون الإداري
710 0 _aالإدارة العامة للشئون القانونية بالهيئة
856 4 0 _uhttps://fll.law.cu.edu.eg/fulltext/bks/B07-04310.pdf
905 _a164
942 _2ddc
_n0
_cBK
_e21
999 _c75505
_d75505